CW Arrowverse Characters - Statistics

General Stats
  • This quiz has been taken 937 times
  • The average score is 5 of 15
Answer Stats
Hint Answer % Correct
Stole Thea's handbag in their first meeting? Roy Harper
84%
Adopted by Joe West when his father was accused of murder? Barry Allen
62%
Name of the A.I. on the Legend's timeship? Gideon
60%
One of the Flash's season regulars that keeps on coming from other universes? Harrison Wells
58%
Father of Oliver's best friend? Malcolm Merlyn
51%
Ex-Time Master portrayed by Arthur Darvill? Rip Hunter
38%
Second-in-command of the DEO? Alex Danvers
35%
Shares an office with Barry Allen at the start of S4? Julian Albert
33%
Dated Barry in S2 before discovering his secret identity and moving away? Patty Spivot
16%
Son of Toyman? Winn Schott
14%
Directed the films that inspired Nate and Ray? George Lucas
10%
Oliver's son? William Clayton
10%
Inherited an amulet from her grandmother that gives her powers? Mari McCabe
6%
Made into a janitor at S.T.A.R. Labs when the Legion of Doom altered reality? Ray Palmer
6%
A Valerian refugee from Starhaven that aided Gaurdian in S2 Lyra Strayd
1%
No matching quizzes found
Score Distribution
Percent of People with Each Score
Percentile by Number Answered
Your Score History
You have not taken this quiz